| 000 | 00997cam a22003257a 4500 | ||
|---|---|---|---|
| 003 | CHAP | ||
| 005 | 20220817043253.0 | ||
| 008 | 971013s1986 r 10010 d | ||
| 010 | _a70065 | ||
| 011 | _a71037 | ||
| 035 | _a80591 | ||
| 040 | _cCHAP | ||
| 082 |
_a634.92587 _bC6 1986 |
||
| 111 | 0 | 0 |
_aComisión Forestal Latinoamericana. Reunión ( _n15 _d: 1986 _c: San José, Costa Rica) _925729 |
| 245 | 0 | _aInforme | |
| 260 |
_aRoma : _bFAO, _c[1986] |
||
| 300 | _a18 P. | ||
| 490 | 0 | _aFO: LAFC/86/REP | |
| 590 |
_aBATCH-UPD _b10 _c20130110 _lUCH01 _h0731 |
||
| 590 |
_aBATCH-UPD _b10 _c20130111 _lUCH01 _h0000 |
||
| 590 |
_aBATCH-UPD _b10 _c20130410 _lUCH01 _h0415 |
||
| 590 |
_aBATCH-UPD _b10 _c20130914 _lUCH01 _h0719 |
||
| 590 |
_aCONVERSION _b10 _c20130109 _lUCH01 _h1338 |
||
| 650 | 1 | 4 |
_aBosques _xAmérica Latina. _914052 |
| 710 | 0 | _aFAO. | |
| 830 | 0 |
_aFO: LAFC/86/REP _941905 |
|
| 901 | _aBK | ||
| 942 | _cLIBRO | ||
| 949 |
_a634.92587 C6 1986 _bBC _cFAO _d33724000639373 _eFAO1 _h73691 _i80591 _si |
||
| 999 |
_c70065 _d70065 |
||